000 00798nam a2200253Ia 4500
003 OSt
005 20221005035745.0
006 a|||||r|||| 00| 0
007 ta
008 221004b |||||||| |||| 00| 0 urd d
020 _a9789382589082 (hbk)
_c800
024 _a20133
037 _b43544, 13/03/2015, Segment Book Distributors
_cTextual
040 _aCRL
_cCRL
_burd
041 _2urd
_aurd
082 _aO168,6N23x, Q4
100 _aYusufi Mushtaq Ahmed Au.
_9588605
245 0 _aMajuma mushtaq ahmed yusufi
260 _aDelhi
_bM. M. Publication India
_c2014
300 _a364p.
_ccm.
650 _aURDU PROSE
_926866
942 _hO168,6N23x, Q4
_cTEXL
_2cc
999 _c945750
_d945750